MARC

LEADER 00000nam0a2200000 4500
001 209954
005 20231101225559.0
010 |a 0582517346 
035 |a (RuTPU)RU\TPU\book\229313 
090 |a 209954 
100 |a 20120217d1999 m y0engy50 ba 
101 0 |a eng 
102 |a GB 
105 |a y j 001zy 
200 1 |a A Comprehensive Grammar of the English Language  |f R. Quirk [и др.] 
210 |a Harlow  |c Longman  |d 1999 
215 |a 1779 p. 
320 |a Bibliography: p. 1641-1664. 
320 |a Index: p. 1666-1779. 
606 |a Английский язык  |x Учебные руководства и пособия для высшей школы  |x Пособия по грамматике  |2 stltpush  |3 (RuTPU)RU\TPU\subj\29073  |9 52485 
610 1 |a лексика 
610 1 |a упражнения 
610 1 |a произношение 
610 1 |a транскрипция 
686 |a Ш143.21-923.2  |v LBC/SL-A  |2 rubbk 
701 1 |a Quirk  |b R. 
701 1 |a Greenbaum  |b S. 
701 1 |a Leech  |b G. 
701 1 |a Svartvik  |b J. 
801 1 |a RU  |b 63413507  |c 20120217 
801 2 |a RU  |b 63413507  |c 20120228  |g RCR 
942 |c BK